| 000 | 01236cas a2200373 a 4500 | ||
|---|---|---|---|
| 008 | 090727c19uu9999enkwr p 0 a0eng d | ||
| 010 |
_a90640165 _zsn 78003816 |
||
| 022 | 0 | _a0163-7053 | |
| 040 |
_aNSDP _cNSDP _dDLC _dOCoLC |
||
| 042 |
_ansdp _alc |
||
| 082 | 0 | 0 |
_a051.05 _220 |
| 092 | 4 |
_a051.05 _bN5589 _b122. |
|
| 099 |
_a\4 _a051.05 N5589 122. |
||
| 130 | 0 | _aNewsweek (International, Atlantic ed.) | |
| 210 | 0 |
_aNewsweek _b(Int., Atl. ed.) |
|
| 222 | 0 |
_aNewsweek _b(International, Atlantic edition) |
|
| 245 | 0 | 0 | _aNewsweek. |
| 246 | 1 | 3 | _aNewsweek international |
| 250 | _aInternational, Atlantic ed. | ||
| 260 |
_a[Slough, England : _bNewsweek Int., |
||
| 265 | _aSubscription Dept., Newsweek Int., Wellington St. Slough SL 1 1UG, England | ||
| 300 |
_av. : _bill. ; _c27 cm. |
||
| 310 | _aWeekly | ||
| 500 | _a"The international newsmagazine." | ||
| 500 | _aDescription based on: Sept. 19, 1988; title from cover. | ||
| 590 | _alibrary has only 365 | ||
| 775 | 0 |
_tNewsweek _x0028-9604 _w(DLC) 35009615 _w(OCoLC)1760328 |
|
| 905 |
_aamro _eRev. |
||
| 905 |
_aHala _eCat. |
||
| 942 |
_2ddc _cCR _n0 |
||
| 999 |
_c114136 _d114136 |
||
| 336 |
_atext _2rda content |
||
| 337 |
_aUnmediated _2rdamedia |
||
| 338 |
_avolume _2rdacarrier |
||